Perspective sketching : (Record no. 607936)
[ view plain ]
| 000 -LEADER | |
|---|---|
| fixed length control field | 00995cam a2200337Ii 4500 |
| 001 - CONTROL NUMBER | |
| control field | 879584064 |
| 003 - CONTROL NUMBER IDENTIFIER | |
| control field | OCoLC |
| 005 - DATE AND TIME OF LATEST TRANSACTION | |
| control field | 20260203101352.0 |
| 008 - FIXED-LENGTH DATA ELEMENTS--GENERAL INFORMATION | |
| fixed length control field | 140512s2015 maua 001 0 eng d |
| 020 ## - INTERNATIONAL STANDARD BOOK NUMBER | |
| International Standard Book Number | 1631590324 |
| 020 ## - INTERNATIONAL STANDARD BOOK NUMBER | |
| International Standard Book Number | 9781631590320 |
| 035 ## - SYSTEM CONTROL NUMBER | |
| System control number | (OCoLC)879584064 |
| 040 ## - CATALOGING SOURCE | |
| Original cataloging agency | YDXCP |
| Language of cataloging | eng |
| Description conventions | rda |
| Transcribing agency | YDXCP |
| Modifying agency | BTCTA |
| -- | BDX |
| -- | OCLCQ |
| -- | OCLCO |
| -- | JBU |
| -- | NYP |
| 049 ## - LOCAL HOLDINGS (OCLC) | |
| Holding library | NYPP |
| 050 #4 - LIBRARY OF CONGRESS CALL NUMBER | |
| Classification number | NC750 |
| Item number | .P37 2015 |
| 082 04 - DEWEY DECIMAL CLASSIFICATION NUMBER | |
| Classification number | 742 |
| Edition number | 23 |
| Author Mark | PAR |
| 091 ## - MICROFILM SHELF LOCATION (AM) [OBSOLETE] | |
| Microfilm shelf location | 742 |
| 100 1# - MAIN ENTRY--PERSONAL NAME | |
| Personal name | Paricio, Jorge. |
| 9 (RLIN) | 120908 |
| 245 10 - TITLE STATEMENT | |
| Title | Perspective sketching : |
| Remainder of title | Freehand and Digital Drawing Techniques for Artists & Designers / |
| Statement of responsibility, etc. | Jorge Paricio. |
| 260 ## - PUBLICATION, DISTRIBUTION, ETC. | |
| Name of publisher, distributor, etc. | Rockport Publishers; |
| Date of publication, distribution, etc. | 2015. |
| 300 ## - PHYSICAL DESCRIPTION | |
| Extent | 224 pages : |
| Other physical details | illustrations (chiefly color) ; |
| Dimensions | 28 cm. |
| 500 ## - GENERAL NOTE | |
| General note | Includes index. |
| 650 #0 - SUBJECT ADDED ENTRY--TOPICAL TERM | |
| Topical term or geographic name entry element | Perspective. |
| 9 (RLIN) | 32290 |
| 650 #0 - SUBJECT ADDED ENTRY--TOPICAL TERM | |
| Topical term or geographic name entry element | Drawing |
| General subdivision | Technique. |
| 9 (RLIN) | 31809 |
| 901 ## - LOCAL DATA ELEMENT A, LDA (RLIN) | |
| a | ljh |
| b | CATBL |
| 901 ## - LOCAL DATA ELEMENT A, LDA (RLIN) | |
| a | MARS |
| 908 #4 - PUT COMMAND PARAMETER (RLIN) | |
| Put command parameter | NC750 |
| 942 ## - ADDED ENTRY ELEMENTS (KOHA) | |
| Source of classification or shelving scheme | |
| Koha item type | Reference |
| Institution code [OBSOLETE] | SADA |
| Call number prefix | 742 PAR 2015 |
| 945 ## - LOCAL PROCESSING INFORMATION (OCLC) | |
| a | .b205003369 |
| 946 ## - LOCAL PROCESSING INFORMATION (OCLC) | |
| a | m |
| Withdrawn status | Lost status | Source of classification or shelving scheme | Damaged status | Not for loan | Permanent Location | Current Location | Date acquired | Source of acquisition | Full call number | Barcode | Date last seen | Cost, replacement price | Price effective from | Koha item type |
|---|---|---|---|---|---|---|---|---|---|---|---|---|---|---|
| School of Art Design and Architecture (SADA) | School of Art Design and Architecture (SADA) | 11/15/2018 | Multiline | 742 PAR 2015 | SADA0002814 | 02/21/2024 | 3428.10 | 02/21/2024 | Book |
